You are the success design your life you live and be where you want to be with all the greatest possibilities which are still in you

Bibliographic Details
Main Author: Schlesinger, Patrik (Author)
Format: Book
Language:English
PhysicalDescription:333 strán ilustrácie
Published: Zohor Jozef Gerthofer 2019
ISBN:9788089783151
Subjects:

MARC

LEADER 00000cam a2200000 4500
001 vtls011869300
003 SK-MaSNL
005 20260302055711.0
008 220509s2019 xo a gr 000 0 eng
015 |a SNBA2021/03 
020 |a 9788089783151  |q (brožované) 
035 |a urn:nbn:sk:snk-am00gkpz 
035 |a urn:nbn:sk:snk-am3j5kw 
035 |a A1170F85-78EC-4618-A57E-F8445718107F 
040 |a SNK  |b slo  |c SNK  |e rda 
041 0 |a eng 
044 |a xo  |c SK 
072 7 |a 17  |x Etika. Morálna filozofia  |2 konspekt 
080 |a 17.024.4  |2 2011 
080 |a 159.923.5  |2 2011 
080 |a (0.062)  |2 2011 
100 1 |a Schlesinger, Patrik  |4 aut  |9 716470 
245 1 0 |a You are the success  |b design your life you live and be where you want to be with all the greatest possibilities which are still in you  |c Patrik Schlesinger 
264 1 |a Zohor  |b Jozef Gerthofer  |c 2019 
300 |a 333 strán  |b ilustrácie 
336 |a text  |b txt  |2 rdacontent 
337 |a bez média  |b n  |2 rdamedia 
338 |a zväzok  |b nc  |2 rdacarrier 
500 |a Pod autorským údajom: The process of creating everything you want ; Pod názvom: Take the most successful journey right now 
504 |a Obsahuje bibliografické odkazy 
650 0 7 |a úspech  |2 SNKPH  |9 3804 
650 0 7 |a rozvoj osobnosti  |2 SNKPH  |9 63298 
650 0 7 |a Succes  |2 SNKPHeng  |9 276243 
650 0 7 |a Personality development  |2 SNKPHeng  |9 275896 
655 7 |a populárno-náučné publikácie  |2 SNKPH  |9 70460 
655 7 |a Popular works  |2 SNKPHeng  |9 90287 
919 |a 978-80-89783-15-1 
958 |a NB 
999 |c 1118270  |d 1120200 
952 |a SNK  |b SNK  |y PREZ  |7 0  |p 17A1372754  |o snkSC 184670  |i snk2019/15326  |8 0  |0 0  |1 0  |4 0  |d 2019-06-04  |f 1  |l 0  |r 2026-02-24 18:22:46  |w 2026-02-24 
952 |a SNK  |b SNK  |y VYP  |7 0  |p 17A1372755  |o snkSC 184670 D1  |i snk2019/15327  |8 0  |0 0  |1 0  |4 0  |d 2019-06-04  |l 0  |r 2026-02-24 18:22:46  |w 2026-02-24